| 000 | 01006nam a22002417a 4500 | ||
|---|---|---|---|
| 001 | 52557 | ||
| 003 | BD-RjUL | ||
| 005 | 20211209075828.0 | ||
| 008 | 160921s1977 bg ||||| |||| 00| 0 ben d | ||
| 020 | _c: TK 15.00 | ||
| 035 | _a(BD-RjUL)52677 | ||
| 040 |
_aBD-RjUL _bben _cBD-RjUL |
||
| 041 | _aben | ||
| 082 |
_223 _a791.430954 _bMAG 1977 |
||
| 100 |
_aমান্টো, সা'দত হাসান _9157147 |
||
| 245 | 1 | 0 |
_aগাঞ্জে ফেরেস্তে : _bচলচ্চিত্র ইতিহাসের দলিলগ্রন্থ / _cসা'দত হাসান মান্টো |
| 260 |
_aঢাকা : _bমুক্তধারা, _c১৯৭৭ |
||
| 300 |
_a২৩২ পৃ. ; _c২১ সেমি. |
||
| 650 |
_aMotion Picture _xHistory _zIndia _9157148 |
||
| 650 |
_aচলচ্চিত্র _xইতিহাস _zভারত _9157149 |
||
| 700 |
_aহারুন, মোস্তফা, অনুবাদ _9157150 |
||
| 942 |
_2ddc _cBK |
||
| 999 |
_c52557 _d52557 |
||